Análisis de estados financieros : planificación y control : comentarios y casos prácticos /

Contenido: El análisis de estados financieros; Información financiera más usual para el análisis externo; Estados de fondos I: el cuadro de financiación; Estados de fondos II: el estado de flujos de tesorería; Las ratios: herramientas para el análisis; Los riesgos operativo y financiero. Punto muert...

Ful tanımlama

Kaydedildi:
Detaylı Bibliyografya
Yazar: Esteo Sánchez, Francisco (autor)
Diğer Yazarlar: Sánchez Fernández de Valderrama, José Luis (prólogo) (prólogo)
Materyal Türü: Kitap
Dil:İspanyolca
Baskı/Yayın Bilgisi: Madrid, España : Centro de Estudios Financieros, 2004, c2004
Edisyon:4a edición
Seri Bilgileri:(Contabilidad)
Konular:
Etiketler: Etiketle
Etiket eklenmemiş, İlk siz ekleyin!

MARC

LEADER 00000nam^a2200000^a^4500
001 000183483
005 20250521000000.0
009 20260310102041.446
020 |a 84-454-1170-5 
037 |a Acervo ITESO - Biblioteca 
041 |a ESP 
082 |a 658. 15  |b EST 
100 |a Esteo Sánchez, Francisco  |e (autor) 
245 1 0 |a Análisis de estados financieros :  |b planificación y control : comentarios y casos prácticos /  |c F. Esteo Sánchez ; pról. de J.L. Sánchez Fernández de Valderrama. 
250 |a 4a edición 
264 4 |a Madrid, España :  |b Centro de Estudios Financieros,  |c 2004, c2004 
300 |a 998 p. 
336 |a texto  |b txt  |2 rdacontenido 
337 |a sin mediación  |b n  |2 rdamedio 
338 |a volumen  |b nc  |2 rdasoporte 
440 1 |a (Contabilidad) 
520 |a Contenido: El análisis de estados financieros; Información financiera más usual para el análisis externo; Estados de fondos I: el cuadro de financiación; Estados de fondos II: el estado de flujos de tesorería; Las ratios: herramientas para el análisis; Los riesgos operativo y financiero. Punto muerto, apalancamientos operativo y financiero; Planificación, presupuestos y estados contables previsionales. El control de gestión; Análisis aplicado a propósitos específicos. 
649 |a XX 
650 |a Estados Financieros -  |x Análisis 
650 |a Finanzas -  |x Análisis 
650 |a Riesgo Económico 
650 |a Presupuesto 
650 |a Planeación Administrativa 
650 |a Financiamiento (de Empresas, Proyectos, etc.) 
650 |a Control Interno 
650 |a Control Administrativo 
650 |a Administración Financiera 
650 |a Ciencias Administrativas 
700 |a Sánchez Fernández de Valderrama, José Luis  |e (prólogo) 
910 |a Fondo General 
920 |a Impresos - Libros 
930 |a Colección General 
905 |a 101 
901 |a 0500123685  |b IT1  |c ACC  |u 20250521 
902 |a https://opac.biblio.iteso.mx/vufind/Record/000183483